LDR 01131nam a2200241 4500 001 000000367502 003 CaOOAMICUS 005 20260428124327.0 008 260428s1982 gw 000 u lat r 020 $a3-88612-000-7 040 $aSeMil$bita 245 00$a1.1: Liber Pontificalis /$cedidit Theodorus Mommsen. 264 1$aMünchen :$bMonumenta Germaniae Historica,$c1982. 300 $aCXXXIX, 295 p., [1] carta ripieg. :$bill. ;$c30 cm 534 $aUnveränderter Nachdruck der 1898 bei der Weidmannschen Verlagsbuchhandlung, Berlin, erschienenen Ausgabe 700 1 $aMommsen, Theodor,$d<1817-1903>.$0(OLS)http://semarc/name/3260 773 0 $tGesta Pontificum Romanorum.$dMünchen : Monumenta Germaniae Historica, 1982.$w()367501 850 $aSeMil 852 $aSeMil$W1$xVenegono$y1$mSL1.J II 18/1$j271109$B258192$CSeMilBibl$Z2$F258192 $8I 996 $6020$a3-88612-000-7$9(OLS)http://semarc/number/305779 996 $6245$a1.1: Liber Pontificalis$9(OLS)http://semarc/title/459452 996 $6264$aMünchen :$bMonumenta Germaniae Historica$9(OLS)http://semarc/publisher/31271